| 000 | 00000nas 2200000zi 4500 |
| 001 | 9.908553 |
| 003 | CaOODSP |
| 005 | 20230907083931 |
| 006 | m o d f |
| 007 | cr ||||||||||| |
| 008 | 220225c20209999onc x p o f0###b0fre|d |
| 020 | |z9780660310145|z9780660414133 |
| 022 | |a2816-3397 |
| 040 | |aCaOODSP|bfre|erda|cCaOODSP |
| 043 | |an-cn-nf |
| 086 | 1 |aFs74-36F-PDF|zFs72-3/14-2019F-PDF|zFs72-3/14-2022F-PDF |
| 222 | 0|aInstructions nautiques. ATL 120, Labrador, Camp Islands à Hamilton Inlet (y compris Lake Melville) |b(En ligne) |
| 245 | 00|aInstructions nautiques. |nATL 120, |pLabrador Camp Islands à Hamilton Inlet (y compris Lake Melville). |
| 246 | 30|aLabrador Camp Islands à Hamilton Inlet (y compris Lake Melville) |
| 264 | 1|aOttawa, Ontario, Canada :|bService hydrographique du Canada, Pêches et océans Canada = Canadian Hydrographic Service, Fisheries and Oceans Canada |
| 310 | |aIrrégulier |
| 336 | |atexte|btxt|2rdacontent/fre |
| 337 | |ainformatique|bc|2rdamedia/fre |
| 338 | |aressource en ligne|bcr|2rdacarrier/fre |
| 362 | 1 |aParaît depuis : corrigé jusqu'à 07/2020. |
| 500 | |aPublié aussi en anglais sous le titre : Sailing directions. Labrador Camp Islands to Hamilton Inlet (including Lake Melville). |
| 588 | |aDescription d'après : 07/2020. |
| 588 | |aDernière livraison consultée : 12/2021. |
| 650 | 6|aNavigation|zTerre-Neuve-et-Labrador|zHamilton, Goulet du|vPériodiques. |
| 650 | 6|aNavigation|zTerre-Neuve-et-Labrador|zMelville, Lac|vPériodiques. |
| 655 | 7|aPériodiques|2rvmgf |
| 710 | 2 |aService hydrographique du Canada, |eorganisme de publication. |
| 775 | 08|tSailing directions. |w(CaOODSP)9.908552 |
| 785 | 00|tInstructions nautiques du Canada. |w(CaOODSP)9.909915 |